000 00309 a2200145 4500
001 148874
040 _cEscola São Tomás de Aquino
100 _aQUEIRÓS, Bartolomeu Campos
240 1 0 _aRaul
_lpor
245 1 0 _aRaul
362 0 _a1997
440 1 _aAlis
697 _a*LITERATURA INFANTO
942 _cBK
999 _c148874
_d148874